000 00740nam a2200265 a 4500
001 22610
003 BD-RjUL
005 20211209000828.0
008 140308s1985 enka 000 1 eng d
035 _a(BD-RjUL)22675
040 _aBD-RjUL
_beng
_cBD-RjUL
_dBD-RjUL
041 _aeng
082 _a823.8
_219
_bSEL 1985
100 1 _aHaq, Hasan Azizul
_969807
245 1 0 _aSelected stories /
_cedited and translated by Ali Anwer
260 _aDhaka :
_bBangla Academy,
_c1985.
300 _a72 p. ;
_c19 cm
490 1 _aEveryman's library
504 _aIncludes bibliography and index.
650 _aFiction
_969808
700 1 _aAli Anwer
_969809
830 0 _aEveryman's library
_969816
942 _2ddc
_cBK
999 _c22610
_d22610